000 00461nam a22001457a 4500
005 20090918123039.0
008 090918t xxu||||| |||| 00| 0 eng d
080 _a796.032.2=M
_bSAJ
100 _aSajan, C.J.
_94841
245 _aOlimpics innale innu
300 _a251p.
942 _cBK
260 _aKottayam
_bThe author
_c1987
_94842
952 _w2009-09-18
_p00034859
_r2009-09-18
_40
_00
_bUL
_10
_o796.032.2=M SAJ
_d2009-09-18
_70
_2udc
_yBK
_aUL
999 _c3856
_d3856